000 00543nam a2200181Ia 4500
005 20250508162159.0
008 008 250505s9999 xx 000 0 eng d
037 _aBooks to be hide in OPAC
040 _aFEDL
_beng
_cFEDL
041 _aeng
_2eng
084 _a378, INT/O
_qFEDL
100 _aOnushkin Victor G Ed.
_9619918
245 0 _aPlanning the development of universities- III
245 0 _cInternational Institute for Educational Planning
300 _a454p.
942 _cHB
_h378, INT/O
999 _c1374866
_d1374866